De pícaros y malqueridos. Huellas de su paso por la Inquisición de Zumárraga (1539-1547)
Na minha lista:
| Autor principal: | |
|---|---|
| Formato: | Livro |
| Idioma: | espanhol |
| Publicado em: |
Ciudad de México, México.
Fondo de Cultura Económica- UNAM,
2009
|
| coleção: | Historia
|
| Assuntos: | |
| Tags: |
Adicionar Tag
Sem tags, seja o primeiro a adicionar uma tag!
|
MARC
| LEADER | 00000cam a2200000 a 4500 | ||
|---|---|---|---|
| 001 | UCC8379 | ||
| 003 | CL-VaPUC | ||
| 005 | 20220914074218.0 | ||
| 008 | 190621e20090000mx |||||||||||||||||spa|d | ||
| 999 | |c 374716 |d 374714 | ||
| 020 | |a 9786070211805 | ||
| 040 | |c Pontificia Universidad Católica de Valparaíso | ||
| 082 | 0 | 4 | |a 972.02 COR 2009 |2 21 |
| 100 | 0 | |a Corcuera de Mancera, Sonia |e author |9 245673 | |
| 245 | 1 | 0 | |a De pícaros y malqueridos. |b Huellas de su paso por la Inquisición de Zumárraga (1539-1547) |
| 260 | |a Ciudad de México, México. |b Fondo de Cultura Económica- |b UNAM, |c 2009 | ||
| 300 | |a 275 páginas | ||
| 490 | 0 | |a Historia | |
| 583 | |a last modification |c 20190621 12:31:00 |k Rodrigo Vera | ||
| 650 | 0 | |a Historia de México |9 321806 | |
| 650 | 0 | |a Epoca colonial |9 352022 | |
| 650 | 0 | |a Inquisición (Iglesia Católica) |9 258578 | |
| 852 | |a BIBHIS | ||
| 942 | |c BK |2 ddc | ||
| 945 | |d 20190621 12:31:00 |a dcastane | ||
| 952 | |0 0 |1 0 |3 erb |4 0 |6 972_020000000000000_COR_2009_2009_2009 |7 0 |8 A |9 493409 |a BIBHIS |b BIBHIS |d 2019-06-19 |e 11 |g 11500.00 |i 555389K |o 972.02 COR 2009 2009 2009 |p 555389K |r 2025-01-20 |v 11500.00 |w 2019-11-24 |y BK |z Catalogado en:20190621 |k HIS | ||
| 952 | |0 0 |1 0 |3 erb |4 0 |6 972_020000000000000_COR_2009_2009_2009 |7 0 |8 A |9 493410 |a BIBHIS |b BIBHIS |d 2019-10-16 |e 11 |g 11500.00 |i 5564654 |o 972.02 COR 2009 2009 2009 |p 5564654 |r 2025-01-20 |v 11500.00 |w 2019-11-24 |y BK |z Catalogado en:20191018 |k HIS | ||